| 000 | 00592nam a22001937a 4500 | ||
|---|---|---|---|
| 003 | 0 | ||
| 005 | 20250115114530.0 | ||
| 008 | 250115b xxu||||| |||| 00| 0 eng d | ||
| 020 | _a978-621-435-051-3 | ||
| 050 |
_aLB 2369 _b.En33 2021 |
||
| 100 | _aEncabo, Floricon V. | ||
| 245 |
_aPractical research 2 _cFloricon V. Encabo |
||
| 260 |
_aBulacan _bKLEAFS Publishing _c2021 |
||
| 300 |
_aiv, 222 pages _billustrations and pictures ; _c26cm. |
||
| 504 | _aIncludes bibliographical references and glossary. | ||
| 650 | _aResearch. | ||
| 650 | _aPractical research. | ||
| 942 |
_2lcc _cBK |
||
| 999 |
_c366972 _d366972 |
||